|
|
|
|
| LEADER |
01225nam a2200361 a 4500 |
| 001 |
7689 |
| 003 |
BD-DhAAL |
| 005 |
20151110103140.0 |
| 008 |
151110s2004 enkb 000 1 eng |
| 010 |
|
|
|a 2005298576
|
| 015 |
|
|
|a GBA3-T4576
|
| 020 |
|
|
|a 000711947x
|
| 020 |
|
|
|a 0007119453
|
| 040 |
|
|
|a UKM
|c UKM
|d GZM
|d DLC
|d BD-DhAAL
|
| 050 |
0 |
0 |
|a PR6069.T345
|b V63 2004
|
| 082 |
0 |
4 |
|a 823.92
|2 22
|
| 100 |
1 |
|
|a Starling, Boris.
|9 16051
|
| 245 |
1 |
0 |
|a Vodka /
|c Boris Starling.
|
| 260 |
|
|
|a London :
|b HarperCollins,
|c 2004.
|
| 300 |
|
|
|a 660 p. :
|b 1 map ;
|c 18 cm.
|
| 541 |
|
|
|e 7689
|
| 650 |
|
0 |
|a Drinking of alcoholic beverages
|v Fiction.
|9 16052
|
| 650 |
|
0 |
|a Americans
|z Russia
|v Fiction.
|9 16053
|
| 650 |
|
0 |
|a Drinking customs
|v Fiction.
|9 16054
|
| 650 |
|
0 |
|a Vodka industry
|v Fiction.
|9 16055
|
| 650 |
|
0 |
|a Women bankers
|v Fiction.
|9 16056
|
| 650 |
|
0 |
|a Privatization
|v Fiction.
|9 16057
|
| 651 |
|
0 |
|a Moscow (Russia)
|v Fiction.
|9 16058
|
| 655 |
|
0 |
|a Psychological fiction.
|9 5686
|
| 655 |
|
0 |
|a Suspense fiction.
|2 gsafd
|9 12793
|
| 942 |
|
|
|2 ddc
|c BK
|
| 999 |
|
|
|c 36090
|d 36090
|
| 952 |
|
|
|0 0
|1 0
|2 ddc
|4 0
|6 823_920000000000000_STA
|7 0
|9 56709
|a SCL
|b SCL
|c GEN
|d 2015-11-10
|l 3
|m 6
|o 823.92 STA
|p 3020007689
|r 2026-04-28
|s 2026-04-25
|t 1
|w 2015-11-10
|y BK
|